US States by First and Last Letters Blitz Quiz Stats

 Plays Quiz Updated Aug 15, 2017

Challenge
Share
Tweet
Score 0/50 Timer 01:00
117 Plays Today
% Correct
 California
91.4%
 North Dakota
91.3%
 North Carolina
91.3%
 Nevada
91.3%
 Nebraska
91.3%
 Alaska
88.8%
 Alabama
88.8%
 Arizona
88.8%
 Washington
88.1%
 Wisconsin
88.1%
 Texas
83.4%
 Minnesota
82.9%
 Montana
82.9%
 Oregon
78%
 South Carolina
77.4%
 South Dakota
77.4%
 Florida
76.6%
 Idaho
73.6%
 New York
71.9%
 Indiana
70.8%
 Iowa
70.8%
 Maine
68.8%
 Mississippi
67.8%
 Missouri
67.8%
 New Mexico
67.1%
% Correct
 Colorado
65.8%
 Utah
62.6%
 Louisiana
62%
 Georgia
61.3%
Michigan
60.9%
Illinois
59.4%
 Ohio
59.2%
 Oklahoma
58%
 Wyoming
56.8%
 Pennsylvania
55.3%
 New Jersey
54.4%
 Tennessee
54.3%
 Kansas
53.2%
 West Virginia
52.2%
 Arkansas
52.1%
 Virginia
52%
 New Hampshire
51.4%
 Kentucky
50.9%
 Massachusetts
49.9%
 Hawaii
48.3%
 Vermont
46.9%
 Connecticut
40.6%
 Maryland
39%
 Delaware
36.9%
 Rhode Island
36.4%

You're not logged in!

Compare scores with friends on all Sporcle quizzes.
Join for Free
OR
Log In

You Might Also Like...

Show Comments

Extras

Top Quizzes Today


Score Distribution

Your Account Isn't Verified!

In order to create a playlist on Sporcle, you need to verify the email address you used during registration. Go to your Sporcle Settings to finish the process.

Report this User

Report this user for behavior that violates our Community Guidelines.

Details: